000 01376nam a2200241Ia 4500
003 Ost
005 20260507075618.0
008 260507s9999||||xx |||||||||||||| ||und||
020 _a9789961020753
040 _cfsecg
041 _aara
082 _a368
100 _aبوشنافة، أحمد
_eمؤلف
245 0 _aالتوجيهات الحديثة لإقتصاديات التأمين صيرفة التأمين /
_c أحمد بوشنافة
246 _aLa Bancassurance
260 _aالجزائر:
_bديوان المطبوعات الجامعية,
_c2019
300 _a231 صفحة؛
_bإيضاحات ؛
_c22 سم
504 _aمراجع ص.215
520 _aتناول هذا الكتاب "التوجيهات الحديثة لإقتصاديات التأمين صيرفة التأمين" حيث تحدث عن ماهية التأمين وضرورته لتحقيق تنمية اقتصادية واجتماعية ، وعن أثر التطورات الاقتصادية العالمية على أسواق التأمين ، بالاضافة إلى دور صيرفة التأمين في تطوير وعصرنة سوق التأمين، وفي الأخير قدم تجربة الجزائر ومقارنتها مع تجارب بعض الدول.
653 _aالتأمين - البنوك
700 _aحمول، طارق
_eمؤلف ثانوي
942 _cكتاب
999 _c45123
_d45123